Quel est le lieu de naissance de ce personnage de One Piece ? - Statistiques

Statistiques générales
  • Ce quiz a été pris 49 fois
    31 depuis la dernière actualisation
  • Le résultat moyen est 26 sur 47
Statistiques - réponses
Personnage Lieu de naissance % Correct
Tony Tony Chopper Drum
96%
Nico Robin Ohara
96%
Usopp Sirop
96%
Vinsmoke Sanji Germa
91%
Jinbe District des Hommes-Poissons
87%
Shiraoshi Ile des Hommes-Poissons
87%
Carrot Zou
87%
Nerfertari Vivi Alabasta
83%
Dorry Elbaf
83%
Brogy Elbaf
83%
Harald Elbaf
83%
Sabo Goa
83%
Monkey D.Garp Goa
83%
Roronoa Zoro Shimotsuki
83%
Kozuki Oden Wano Kuni
83%
Boa Hancock Amazon Lily
78%
Smoker Logue Town
78%
Gol D.Roger Logue Town
78%
Rebecca Dressrosa
74%
Urouge Iles célestes
74%
Shanks God Valley
70%
Rocks D.Xebec God Valley
70%
Marshall D.Teach God Valley
70%
Jewelry Bonney Marie Joie
65%
Donquichotte Doflamingo Marie Joie
65%
Trafalgar D.Waterlaw Flevance
61%
Bartholomew Kuma Sorbet
57%
Monkey D.Luffy Fuchsia
48%
Emporio Ivankov Kedetrav
48%
Ener Iles célestes
43%
Hermepp Shells Town
39%
Charlotte Pudding Totto Land
39%
Elizabello II Prodence
35%
Barbe Blanche Sphinx
35%
Portgas D.Ace Baterilla
30%
Nami Oykot
30%
Joy Boy Ancien royaume
26%
Kaido Vodka
17%
Koala Foolshout
13%
Vegapunk Karakuri
13%
Scratchmen Apoo Kenzan
13%
Don Chinjao Pays des Fleurs
13%
Fujitora Aoi
9%
Cavendish Royaume Bourgeois
9%
Aokiji Vespa
9%
Ryokugyu Taya
4%
Koby Satzurozo
0%
Aucun quiz correspondant
Distribution des résultats
% des personnes avec chaque résultat
Percentile par nombre de réponses
Votre historique - résultats
Vous n’avez pas pris ce quiz depuis la dernière actualisation